000 00603cam a22002052 4500
001 0000024275
005 20151217155914.0
008 130624s xx 000 0 eng d
020 _a9966011579 :
040 _aKABU
_cKABU
245 1 0 _aMwavyaji wa roho na hadithi nyingine /
_cSanja Leonard Leo (Mhariri)
250 _a1st ed.
260 _aNairobi :
_bFocus,
_c2011.
300 _a183 p.
650 0 _aSwahili fiction.
_@0000184263
700 1 _aLeo, Sanja Leonard.
_@0000184265
852 1 _9p320 KES
908 _a130624
950 _@1
999 _c13907
_d13907